000 00715cab a2200205 4500
001 ABS59765
008 090401t1998 xxu||||| |||| 00| 0 eng d
035 _a(Sirsi) u90142
041 _aeng
245 _aIntelligent buildings
260 _c1998
350 _a0
490 _aASI Journal
_v10(4) December 1998, 16-33(10)
520 _aCollection of articles and comments on what constitutes an intelligent building, what may be driving the development of the sector, plus some applications and useful points of contact for further information.
650 _aBUILDING MANAGEMENT
650 _aINTELLIGENT BUILDINGS
690 _aBUILT ENVIRONMENT-CONSTRUCTION DESIGN
942 _n0
948 _c04/12/1998
999 _c57103
_d57103